| 000 | 00855nam a2200253 i 4500 | ||
|---|---|---|---|
| 003 | DO-SdBNP | ||
| 005 | 20251112090757.0 | ||
| 007 | ta | ||
| 008 | 251112s2017 dr ac 000 0 spa d | ||
| 020 | _a9789945908442 | ||
| 040 |
_aDO-SdBNP _bspa _cBNPHU _erda |
||
| 041 | _aspa | ||
| 082 | 4 |
_axxx _bJ869s _222 |
|
| 100 | 1 |
_aJovine, Rafael _eautor _4aut. _945446 |
|
| 245 | 1 | 3 |
_aSe buscan recursos para garantizar derechos : _bcálculo del espacio fiscal para reorientar los recursos públicos malgastados a la garantía de derechos / _cRafael Jovine, Rosa Cañeta |
| 264 |
_aSanto Domingo : _bOxfan, _c2017 |
||
| 300 |
_a84 páginas : _bilustraciones ; _c27 cm. |
||
| 336 |
_2rdacontent _atexto _btxt |
||
| 337 |
_2rdamedia _asin mediación _bn |
||
| 338 |
_2rdacarrier _avolumen _bnc |
||
| 590 | _aInventariado, 2025/ DG | ||
| 910 | _aDG | ||
| 942 |
_2ddc _cLBS1 |
||
| 999 |
_c60029 _d60029 |
||